AECAsia (Record no. 120415)

MARC details
000 -LEADER
fixed length control field 00772cam a2200205 4500
001 - CONTROL NUMBER
control field WS125615
008 - FIXED-LENGTH DATA ELEMENTS--GENERAL INFORMATION
fixed length control field 040326n 000 0 eng u
035 ## - SYSTEM CONTROL NUMBER
System control number (Sirsi) u125615
245 ## - TITLE STATEMENT
Title AECAsia
520 ## - SUMMARY, ETC.
Summary, etc. Web site which offers architects, designers, engineers and contractors an opportunity to promote their products and services in Asia. Links to their sister sites Architecture Asia, Build Asia, Products Asia, Design Asia and Engineering Asia.
650 ## - SUBJECT ADDED ENTRY--TOPICAL TERM
Topical term or geographic name entry element BUILT ENVIRONMENT
650 ## - SUBJECT ADDED ENTRY--TOPICAL TERM
Topical term or geographic name entry element ASIA
650 ## - SUBJECT ADDED ENTRY--TOPICAL TERM
Topical term or geographic name entry element ARCHITECTURE
650 ## - SUBJECT ADDED ENTRY--TOPICAL TERM
Topical term or geographic name entry element CAD
650 ## - SUBJECT ADDED ENTRY--TOPICAL TERM
Topical term or geographic name entry element LANDSCAPE
650 ## - SUBJECT ADDED ENTRY--TOPICAL TERM
Topical term or geographic name entry element BUILT ENVIRONMENT-BUILDING MATERIALS
690 ## - LOCAL SUBJECT ADDED ENTRY--TOPICAL TERM (OCLC, RLIN)
Topical term or geographic name as entry element BUILT ENVIRONMENT
856 40 - ELECTRONIC LOCATION AND ACCESS
Uniform Resource Identifier <a href="https://www.aecasia.com">https://www.aecasia.com</a>
Public note View the website free of charge at www.aecasia.com...
942 ## - ADDED ENTRY ELEMENTS (KOHA)
Suppress in OPAC 0
Holdings
Withdrawn status Lost status Source of classification or shelving scheme Damaged status Not for loan Home library Current library Shelving location Date acquired Total Checkouts Full call number Barcode Date last seen Copy number Price effective from Koha item type
    Dewey Decimal Classification     Virtual Virtual Online 26/03/2004   WEB SITE 125615-1001 06/08/2019 1 06/08/2019 Online material